[Event "POL-chT2 South"]
[Site "Ustron"]
[Date "2001.09.??"]
[Round "?"]
[White "Bielczyk, Jacek"]
[Black "Goj, Artur"]
[Result "1/2-1/2"]
[WhiteElo "2359"]
[BlackElo "2280"]
[PlyCount "32"]
[EventDate "2001.09.14"]
[EventType "team-swiss"]
[EventRounds "10"]
[EventCountry "POL"]
[SourceTitle "EXT 2019"]
[Source "ChessBase"]
[SourceDate "2018.10.10"]
[SourceVersion "1"]
[SourceVersionDate "2018.10.10"]
[SourceQuality "1"]

1. e4 c5 2. Nf3 e6 3. d4 cxd4 4. Nxd4 Nc6 5. Nc3 Qc7 6. Be2 a6 7. 0-0 Nf6 8. Kh1 Nxd4 9. Qxd4 Bc5 10. Qd3 b5 11. f4 Bb7 12. Bf3 h5 13. Be3 Bxe3 14. Qxe3 b4 15. Na4 Rc8 16. b3 a5 1/2-1/2

[Event "POL-chT2 South"]
[Site "Ustron"]
[Date "2001.09.??"]
[Round "?"]
[White "Goj, Artur"]
[Black "Murdzia, Piotr"]
[Result "1/2-1/2"]
[WhiteElo "2280"]
[BlackElo "2403"]
[PlyCount "64"]
[EventDate "2001.09.14"]
[EventType "team-swiss"]
[EventRounds "10"]
[EventCountry "POL"]
[SourceTitle "EXT 2019"]
[Source "ChessBase"]
[SourceDate "2018.10.10"]
[SourceVersion "1"]
[SourceVersionDate "2018.10.10"]
[SourceQuality "1"]
[BlackTeam "Legnica Miedz"]
[BlackTeamCountry "POL"]

1. d4 Nf6 2. c4 e6 3. g3 d5 4. Bg2 Nc6 5. Nf3 Bb4+ 6. Bd2 a5 7. Qc2 0-0 8. 0-0 Bd6 9. Bf4 dxc4 10. Qxc4 Nd5 11. Bg5 Qe8 12. a3 h6 13. Bd2 Nb6 14. Qc2 e5 15. dxe5 Nxe5 16. Nxe5 Bxe5 17. Nc3 c6 18. Be3 Nc4 19. Bc5 Bd6 20. Ne4 Bxc5 21. Nxc5 Ne5 22. h3 Qe7 23. Rac1 Rd8 24. Qc3 Nd7 25. Ne4 Nf8 26. Qf3 Ne6 27. e3 Bd7 28. h4 Be8 29. Rfd1 Rxd1+ 30. Qxd1 Rd8 31. Qc2 Rd5 32. Nc3 Rd8 1/2-1/2

[Event "POL-chT2 South"]
[Site "Ustron"]
[Date "2001.09.??"]
[Round "?"]
[White "Goj, Artur"]
[Black "Najbar, Marcin"]
[Result "1-0"]
[WhiteElo "2280"]
[BlackElo "2265"]
[PlyCount "117"]
[EventDate "2001.09.14"]
[EventType "team-swiss"]
[EventRounds "10"]
[EventCountry "POL"]
[SourceTitle "EXT 2019"]
[Source "ChessBase"]
[SourceDate "2018.10.10"]
[SourceVersion "1"]
[SourceVersionDate "2018.10.10"]
[SourceQuality "1"]

1. d4 c5 2. d5 Nf6 3. c4 d6 4. Nc3 g6 5. g3 Bg7 6. Bg2 0-0 7. Nf3 e6 8. 0-0 exd5 9. cxd5 a6 10. a4 Nbd7 11. Bf4 Qc7 12. h3 Nh5 13. Bd2 Re8 14. Rc1 Ne5 15. Nxe5 Bxe5 16. e3 Bg7 17. b4 b6 18. a5 bxa5 19. bxc5 Qxc5 20. Na4 Qa3 21. Nb6 Rb8 22. Nc4 Qc5 23. Nxa5 Qb5 24. Rb1 Qxb1 25. Qxb1 Rxb1 26. Rxb1 Nf6 27. Nc4 Bf8 28. Ba5 Bf5 29. Rb6 Ne4 30. Rxa6 Rc8 31. Rc6 Nf6 32. Bb4 Ne8 33. Nb6 Rb8 34. e4 Bd7 35. Nxd7 Rxb4 36. e5 dxe5 37. Rc8 Rb7 38. Nxf8 Kxf8 39. d6 Rb1+ 40. Kh2 Rd1 41. Bc6 Rxd6 42. Rxe8+ Kg7 43. Bf3 Kf6 44. Kg2 Rd3 45. Rb8 Rd6 46. Rb7 h5 47. Be2 Kg7 48. Bc4 Rf6 49. Re7 Rf5 50. Bd3 Kf8 51. Bxf5 Kxe7 52. Bc2 f5 53. h4 e4 54. f4 exf3+ 55. Kxf3 Kf6 56. Kf4 Kf7 57. Kg5 Kg7 58. Bb3 Kh7 59. Bf7 1-0

[Event "POL-chT2 South"]
[Site "Ustron"]
[Date "2001.09.??"]
[Round "?"]
[White "Goj, Artur"]
[Black "Seifert, Henryk"]
[Result "1-0"]
[WhiteElo "2280"]
[BlackElo "2280"]
[PlyCount "79"]
[EventDate "2001.09.14"]
[EventType "team-swiss"]
[EventRounds "10"]
[EventCountry "POL"]
[SourceTitle "EXT 2019"]
[Source "ChessBase"]
[SourceDate "2018.10.10"]
[SourceVersion "1"]
[SourceVersionDate "2018.10.10"]
[SourceQuality "1"]

1. d4 d5 2. c4 c6 3. Nf3 dxc4 4. a4 b5 5. e3 e6 6. b3 Bb4+ 7. Bd2 Bxd2+ 8. Qxd2 a5 9. bxc4 b4 10. c5 Nd7 11. Qc2 Ngf6 12. Nbd2 0-0 13. Bc4 Ba6 14. 0-0 Qc7 15. Bxa6 Rxa6 16. Nc4 Nd5 17. Ng5 N7f6 18. f4 h6 19. Nh3 Rb8 20. Nf2 b3 21. Qd3 Ra7 22. Rfb1 Rab7 23. Ra3 b2 24. g3 Rb4 25. e4 Nxf4 26. gxf4 Qxf4 27. Qc2 Ng4 28. Nxg4 Qxg4+ 29. Rg3 Qf4 30. Rxb2 Rxb2 31. Nxb2 e5 32. d5 cxd5 33. c6 dxe4 34. c7 Rc8 35. Nd1 Qf6 36. Qc5 Qa6 37. Nc3 e3 38. Qxe5 g6 39. Rxe3 Kh7 40. Nd5 1-0

[Event "Polanica Zdroj op"]
[Site "Polanica Zdroj"]
[Date "2001.08.25"]
[Round "10"]
[White "Balcerak, Philipp"]
[Black "Goj, Artur"]
[Result "1/2-1/2"]
[WhiteElo "2170"]
[BlackElo "2280"]
[PlyCount "40"]
[EventDate "2001.08.16"]
[EventType "swiss"]
[EventRounds "10"]
[EventCountry "POL"]
[SourceTitle "EXT 2002"]
[Source "ChessBase"]
[SourceDate "2001.11.25"]
[SourceVersion "1"]
[SourceVersionDate "2001.11.25"]
[SourceQuality "1"]

1. e4 c5 2. Nf3 e6 3. d4 cxd4 4. Nxd4 a6 5. Bd3 Nf6 6. 0-0 Qc7 7. Qe2 d6 8. c4 g6 9. Nc3 Bg7 10. Rd1 0-0 11. Nf3 Nc6 12. Bf4 Nd7 13. Rac1 Nce5 14. Nxe5 Nxe5 15. b3 Re8 16. Qd2 b6 17. Bb1 Bf8 18. Bh6 Be7 19. Ne2 Bb7 20. Nd4 Rac8 1/2-1/2

[Event "Polanica Zdroj op"]
[Site "Polanica Zdroj"]
[Date "2001.08.20"]
[Round "5"]
[White "Goj, Artur"]
[Black "Zubarev, Alexander2222"]
[Result "0-1"]
[WhiteElo "2280"]
[BlackElo "2470"]
[PlyCount "52"]
[EventDate "2001.08.16"]
[EventType "swiss"]
[EventRounds "10"]
[EventCountry "POL"]
[SourceTitle "EXT 2002"]
[Source "ChessBase"]
[SourceDate "2001.11.25"]
[SourceVersion "1"]
[SourceVersionDate "2001.11.25"]
[SourceQuality "1"]

1. d4 Nf6 2. c4 e6 3. g3 c5 4. d5 d6 5. Nc3 exd5 6. cxd5 g6 7. Bg2 Bg7 8. Nf3 0-0 9. 0-0 a6 10. a4 Re8 11. Bf4 h6 12. Qc1 Kh7 13. Re1 g5 14. Bd2 Bg4 15. h4 gxh4 16. Nxh4 Re5 17. f3 Bc8 18. Bf4 Rh5 19. Qc2+ Kh8 20. e4 Rxh4 21. gxh4 Nh5 22. Be3 Be5 23. Ne2 Qxh4 24. f4 Bh3 25. Bxh3 Qxh3 26. Kf2 Bf6 0-1

[Event "Polanica Zdroj op"]
[Site "Polanica Zdroj"]
[Date "2001.08.19"]
[Round "4"]
[White "Kuziola, Mateusz"]
[Black "Goj, Artur"]
[Result "0-1"]
[WhiteElo "2099"]
[BlackElo "2280"]
[PlyCount "40"]
[EventDate "2001.08.16"]
[EventType "swiss"]
[EventRounds "10"]
[EventCountry "POL"]
[SourceTitle "EXT 2002"]
[Source "ChessBase"]
[SourceDate "2001.11.25"]
[SourceVersion "1"]
[SourceVersionDate "2001.11.25"]
[SourceQuality "1"]

1. e4 c5 2. g3 d5 3. exd5 Qxd5 4. Nf3 Bg4 5. Bg2 Qe6+ 6. Kf1 Nc6 7. h3 Bh5 8. d3 Qd7 9. Nc3 e6 10. g4 Bg6 11. Nh4 Be7 12. Nxg6 hxg6 13. Be3 Nf6 14. Ne4 b6 15. Nxf6+ Bxf6 16. c3 Rc8 17. Qe2 Ne7 18. Bf4 g5 19. Bg3 b5 20. f4 gxf4 0-1

[Event "POL-chT 2nd div South"]
[Site "Polanica Zdroj"]
[Date "1999.??.??"]
[Round "7"]
[White "Goj, Artur"]
[Black "Osipow, Nikolaj"]
[Result "1/2-1/2"]
[WhiteElo "2318"]
[BlackElo "2225"]
[PlyCount "32"]
[EventDate "1999.09.17"]
[EventType "team-swiss"]
[EventRounds "10"]
[EventCountry "POL"]
[SourceTitle "EXT 2001"]
[Source "ChessBase"]
[SourceDate "2000.11.22"]
[SourceVersion "1"]
[SourceVersionDate "2000.11.22"]
[SourceQuality "1"]
[WhiteTeam "POL-chT 2nd div South 23"]
[BlackTeam "POL-chT 2nd div South 05"]
[WhiteTeamCountry "POL"]
[BlackTeamCountry "POL"]

1. Nf3 Nf6 2. g3 d6 3. Bg2 e6 4. 0-0 Be7 5. d3 c5 6. Nbd2 b6 7. e4 Bb7 8. Qe2 Nc6 9. c3 Qc7 10. Re1 0-0 11. e5 Nd7 12. Nf1 Rfe8 13. h4 Bf8 14. Bf4 b5 15. N1h2 a5 16. Ng4 b4 1/2-1/2

[Event "POL-chT 2nd div South"]
[Site "Polanica Zdroj"]
[Date "1999.??.??"]
[Round "1"]
[White "Kasperek, Wieslaw"]
[Black "Goj, Artur"]
[Result "1/2-1/2"]
[WhiteElo "2230"]
[BlackElo "2318"]
[PlyCount "40"]
[EventDate "1999.09.17"]
[EventType "team-swiss"]
[EventRounds "10"]
[EventCountry "POL"]
[SourceTitle "EXT 2001"]
[Source "ChessBase"]
[SourceDate "2000.11.22"]
[SourceVersion "1"]
[SourceVersionDate "2000.11.22"]
[SourceQuality "1"]
[WhiteTeam "POL-chT 2nd div South 16"]
[BlackTeam "POL-chT 2nd div South 23"]
[WhiteTeamCountry "POL"]
[BlackTeamCountry "POL"]

1. d4 Nf6 2. Nf3 e6 3. c4 b6 4. g3 Bb7 5. Bg2 Be7 6. 0-0 0-0 7. Nc3 Ne4 8. Qc2 Nxc3 9. Qxc3 c5 10. dxc5 bxc5 11. Rd1 d6 12. Be3 Nd7 13. Qc2 Qc7 14. Rac1 Nf6 15. Bg5 Be4 16. Qd2 Rfd8 17. Bxf6 Bxf6 18. Ne1 Bxg2 19. Nxg2 Rab8 20. b3 h6 1/2-1/2

[Event "POL-chT 2nd div South"]
[Site "Polanica Zdroj"]
[Date "1999.??.??"]
[Round "9"]
[White "Miton, Kamil"]
[Black "Goj, Artur"]
[Result "1-0"]
[WhiteElo "2383"]
[BlackElo "2318"]
[PlyCount "40"]
[EventDate "1999.09.17"]
[EventType "team-swiss"]
[EventRounds "10"]
[EventCountry "POL"]
[SourceTitle "EXT 2001"]
[Source "ChessBase"]
[SourceDate "2000.11.22"]
[SourceVersion "1"]
[SourceVersionDate "2000.11.22"]
[SourceQuality "1"]
[WhiteTeam "POL-chT 2nd div South 26"]
[BlackTeam "POL-chT 2nd div South 23"]
[WhiteTeamCountry "POL"]
[BlackTeamCountry "POL"]

1. d4 Nf6 2. c4 e6 3. g3 Bb4+ 4. Bd2 Qe7 5. Bg2 0-0 6. Nf3 Bxd2+ 7. Nbxd2 d6 8. Nf1 a5 9. Ne3 b6 10. Nd2 Ra7 11. 0-0 Bb7 12. d5 Bc8 13. Qc2 e5 14. Nd1 Na6 15. Nc3 Nc5 16. b3 Ra8 17. a3 Bd7 18. b4 Nb7 19. Rab1 g6 20. e3 Bf5 1-0

[Event "POL-chT 2nd div South"]
[Site "Polanica Zdroj"]
[Date "1999.??.??"]
[Round "3"]
[White "Sendera, Jaroslaw"]
[Black "Goj, Artur"]
[Result "1/2-1/2"]
[WhiteElo "2330"]
[BlackElo "2318"]
[PlyCount "42"]
[EventDate "1999.09.17"]
[EventType "team-swiss"]
[EventRounds "10"]
[EventCountry "POL"]
[SourceTitle "EXT 2001"]
[Source "ChessBase"]
[SourceDate "2000.11.22"]
[SourceVersion "1"]
[SourceVersionDate "2000.11.22"]
[SourceQuality "1"]
[WhiteTeam "POL-chT 2nd div South 24"]
[BlackTeam "POL-chT 2nd div South 23"]
[WhiteTeamCountry "POL"]
[BlackTeamCountry "POL"]

1. e4 c5 2. Nf3 e6 3. d4 cxd4 4. Nxd4 a6 5. Bd3 Nf6 6. 0-0 d6 7. c4 b6 8. Nc3 Bb7 9. b3 Be7 10. Bb2 0-0 11. Qe2 Nc6 12. Nxc6 Bxc6 13. f4 g6 14. Rad1 Nd7 15. e5 dxe5 16. Be4 Qc7 17. Bxc6 Qxc6 18. fxe5 b5 19. Rf4 Nb6 20. Ne4 bxc4 21. bxc4 Na4 1/2-1/2

[Event "POL-chT 2nd League South"]
[Site "Wisla"]
[Date "1998.??.??"]
[Round "?"]
[White "Goj, Artur"]
[Black "Flis, Jacek"]
[Result "1/2-1/2"]
[WhiteElo "2350"]
[BlackElo "2310"]
[PlyCount "23"]
[EventDate "1998.11.20"]
[EventType "team-swiss"]
[EventRounds "10"]
[EventCountry "POL"]
[SourceTitle "EXT 2000"]
[Source "ChessBase"]
[SourceDate "1999.11.16"]
[SourceVersion "1"]
[SourceVersionDate "1999.11.16"]
[SourceQuality "1"]

1. d4 Nf6 2. c4 d6 3. Nf3 g6 4. g3 Bg7 5. Bg2 0-0 6. Nc3 c6 7. 0-0 Qa5 8. e4 Bg4 9. h3 Bxf3 10. Bxf3 Nbd7 11. Rb1 a6 12. Bd2 1/2-1/2

[Event "POL-chT 2nd League South"]
[Site "Wisla"]
[Date "1998.??.??"]
[Round "?"]
[White "Goj, Artur"]
[Black "Tustanowski, Robert"]
[Result "1/2-1/2"]
[WhiteElo "2350"]
[BlackElo "2260"]
[PlyCount "50"]
[EventDate "1998.11.20"]
[EventType "team-swiss"]
[EventRounds "10"]
[EventCountry "POL"]
[SourceTitle "EXT 2000"]
[Source "ChessBase"]
[SourceDate "1999.11.16"]
[SourceVersion "1"]
[SourceVersionDate "1999.11.16"]
[SourceQuality "1"]

1. Nf3 Nf6 2. g3 b6 3. Bg2 Bb7 4. 0-0 c5 5. c4 g6 6. Nc3 Bg7 7. d4 cxd4 8. Qxd4 0-0 9. Qh4 d6 10. Bh6 Nbd7 11. Rfd1 Rc8 12. Bxg7 Kxg7 13. Rac1 Qc7 14. b3 d5 15. cxd5 Bxd5 16. Qg5 Bc6 17. Qe3 Rfe8 18. Bh3 Qb8 19. Nd4 e6 20. Nxc6 Rxc6 21. Bg2 Rc5 22. Ne4 Rxc1 23. Rxc1 Rc8 24. h3 Rxc1+ 25. Qxc1 Qe5 1/2-1/2

[Event "POL-chT 53rd"]
[Site "Krynica"]
[Date "1997.10.01"]
[Round "7"]
[White "Goj, Artur"]
[Black "Jakubowski, Krzysztof"]
[Result "1/2-1/2"]
[WhiteElo "2330"]
[BlackElo "2325"]
[PlyCount "63"]
[EventDate "1997.09.25"]
[EventType "team-tourn"]
[EventRounds "11"]
[EventCountry "POL"]
[SourceTitle "EXT 2019"]
[Source "ChessBase"]
[SourceDate "2018.10.10"]
[SourceVersion "1"]
[SourceVersionDate "2018.10.10"]
[SourceQuality "1"]
[WhiteTeam "Bukowno Czarny Kon"]
[BlackTeam "Plock PTSz"]
[WhiteTeamCountry "POL"]
[BlackTeamCountry "POL"]

1. d4 Nf6 2. c4 e6 3. g3 Bb4+ 4. Bd2 c5 5. Bxb4 cxb4 6. Bg2 d5 7. Nd2 Nc6 8. Ngf3 0-0 9. 0-0 Ne4 10. Nxe4 dxe4 11. Ne5 Nxd4 12. Bxe4 f6 13. Nd3 a5 14. Nf4 e5 15. Bd5+ Kh8 16. e3 exf4 17. exd4 Bh3 18. Re1 Qd7 19. Qf3 fxg3 20. hxg3 Rad8 21. a4 Bg4 22. Qf4 g5 23. Qd2 Rfe8 24. b3 b6 25. Rxe8+ Rxe8 26. Re1 Kg7 27. Re3 h5 28. Qe1 Rxe3 29. fxe3 Qe7 30. e4 f5 31. e5 f4 32. Qf2 1/2-1/2

[Event "POL-chT 53rd"]
[Site "Krynica"]
[Date "1997.09.26"]
[Round "2"]
[White "Klimaszewski, Dariusz1111"]
[Black "Goj, Artur"]
[Result "1/2-1/2"]
[WhiteElo "2280"]
[BlackElo "2330"]
[PlyCount "38"]
[EventDate "1997.09.25"]
[EventType "team-tourn"]
[EventRounds "11"]
[EventCountry "POL"]
[SourceTitle "EXT 2019"]
[Source "ChessBase"]
[SourceDate "2018.10.10"]
[SourceVersion "1"]
[SourceVersionDate "2018.10.10"]
[SourceQuality "1"]
[WhiteTeam "Suwalki Hancza"]
[BlackTeam "Bukowno Czarny Kon"]
[WhiteTeamCountry "POL"]
[BlackTeamCountry "POL"]

1. e4 c5 2. Nf3 e6 3. d3 Nc6 4. g3 d5 5. Nbd2 g6 6. Bg2 Bg7 7. 0-0 Nge7 8. Re1 h6 9. c3 b6 10. Qe2 a5 11. h4 Ra7 12. Nf1 d4 13. c4 e5 14. N3h2 h5 15. Nd2 Bh6 16. Rf1 Qd6 17. Ndf3 Ng8 18. Bxh6 Nxh6 19. Nd2 Re7 1/2-1/2

[Event "Poznan op"]
[Site "Poznan"]
[Date "1996.??.??"]
[Round "4"]
[White "Krupa, Krzysztof"]
[Black "Goj, Artur"]
[Result "0-1"]
[WhiteElo "2090"]
[BlackElo "2330"]
[PlyCount "101"]
[EventDate "1996.??.??"]
[EventType "swiss"]
[EventRounds "9"]
[EventCountry "POL"]
[SourceTitle "EXT 2006"]
[Source "ChessBase"]
[SourceDate "2005.11.24"]
[SourceVersion "1"]
[SourceVersionDate "2005.11.24"]
[SourceQuality "1"]

1. e4 c5 2. Nf3 e6 3. d4 cxd4 4. Nxd4 a6 5. Nc3 Qc7 6. Bd3 Nc6 7. Nb3 b5 8. a3 Bb7 9. 0-0 Ne5 10. f4 Nc4 11. Bxc4 bxc4 12. Nd4 Bc5 13. Be3 Nf6 14. e5 Nd5 15. Nxd5 Bxd5 16. Qe2 0-0 17. Rad1 f6 18. Nf3 c3 19. Rxd5 exd5 20. b4 Bxe3+ 21. Qxe3 fxe5 22. fxe5 Qc4 23. Rd1 a5 24. Rd4 Qc6 25. h3 axb4 26. axb4 Qg6 27. Qxc3 Rac8 28. Qd3 Rxc2 29. Qxg6 hxg6 30. Rxd5 Rc7 31. Rd6 Re8 32. Rxg6 Re6 33. Rg4 Rb7 34. Rf4 Reb6 35. Kf2 Rxb4 36. Rxb4 Rxb4 37. g4 Kf7 38. Kg3 Ke6 39. Kf2 Kd5 40. Ke3 Re4+ 41. Kd3 Rxe5 42. Nxe5 Kxe5 43. Ke3 g5 44. Kf3 d5 45. Kg3 d4 46. Kf3 Kd5 47. Ke2 Ke4 48. Kd2 d3 49. Kd1 Ke3 50. Ke1 d2+ 51. Kd1 0-1

[Event "Bytom op"]
[Site "Bytom"]
[Date "1995.??.??"]
[Round "?"]
[White "Cyborowski, Lukasz"]
[Black "Goj, Artur"]
[Result "1/2-1/2"]
[WhiteElo "2210"]
[BlackElo "2340"]
[PlyCount "37"]
[EventDate "1995.??.??"]
[EventType "swiss"]
[EventRounds "9"]
[EventCountry "POL"]
[SourceTitle "EXT 1997"]
[Source "ChessBase"]
[SourceDate "1996.11.15"]
[SourceVersion "1"]
[SourceVersionDate "1996.11.15"]
[SourceQuality "1"]

1. e4 c5 2. Nf3 e6 3. d4 cxd4 4. Nxd4 a6 5. Bd3 Nc6 6. Nxc6 dxc6 7. 0-0 e5 8. Nd2 Ne7 9. Nc4 Ng6 10. Be3 Be6 11. a4 Bd6 12. Nb6 Rb8 13. Bc4 Qe7 14. Qe2 0-0 15. Rad1 Rfd8 16. Bxe6 Qxe6 17. Qc4 Qxc4 18. Nxc4 Bc7 19. Ba7 1/2-1/2

[Event "Bytom op"]
[Site "Bytom"]
[Date "1995.??.??"]
[Round "?"]
[White "Goj, Artur"]
[Black "Orzechowski, Jacek"]
[Result "1-0"]
[WhiteElo "2340"]
[BlackElo "2245"]
[PlyCount "71"]
[EventDate "1995.??.??"]
[EventType "swiss"]
[EventRounds "9"]
[EventCountry "POL"]
[SourceTitle "EXT 1997"]
[Source "ChessBase"]
[SourceDate "1996.11.15"]
[SourceVersion "1"]
[SourceVersionDate "1996.11.15"]
[SourceQuality "1"]

1. Nf3 d5 2. d4 Nf6 3. c4 c6 4. Nc3 e6 5. g3 Nbd7 6. Bg2 Bd6 7. 0-0 0-0 8. b3 b6 9. Bb2 Bb7 10. Re1 Re8 11. Nd2 Bf8 12. e4 dxe4 13. Ndxe4 Be7 14. Ng5 h6 15. Nf3 Qc7 16. Qd2 Rad8 17. Rad1 Qb8 18. Qc1 Qa8 19. Ne5 c5 20. d5 Nxe5 21. Rxe5 exd5 22. Nxd5 Nxd5 23. cxd5 Bd6 24. Rh5 Qb8 25. f4 Re2 26. Bf3 Re7 27. Qc3 f6 28. Rh4 Rde8 29. Kg2 Re3 30. Qc2 Qa8 31. Rxh6 Be5 32. Qh7+ Kf8 33. Qh8+ Kf7 34. Bh5+ Ke7 35. Qxg7+ Kd8 36. fxe5 1-0

[Event "Bytom op"]
[Site "Bytom"]
[Date "1995.??.??"]
[Round "?"]
[White "Masternak, Grzegorz"]
[Black "Goj, Artur"]
[Result "1-0"]
[WhiteElo "2395"]
[BlackElo "2340"]
[PlyCount "55"]
[EventDate "1995.??.??"]
[EventType "swiss"]
[EventRounds "9"]
[EventCountry "POL"]
[SourceTitle "EXT 1997"]
[Source "ChessBase"]
[SourceDate "1996.11.15"]
[SourceVersion "1"]
[SourceVersionDate "1996.11.15"]
[SourceQuality "1"]

1. e4 e6 2. Nc3 d5 3. Nf3 Nf6 4. e5 Nfd7 5. d4 c5 6. dxc5 Nc6 7. Bf4 a6 8. Bd3 Nxc5 9. 0-0 Be7 10. Bg3 Bd7 11. a3 Rc8 12. Re1 Nxd3 13. cxd3 Qb6 14. Rb1 Nd4 15. Kh1 Nxf3 16. Qxf3 0-0 17. Qg4 Qb3 18. Bh4 f5 19. exf6 Bxf6 20. Bxf6 Rxf6 21. Qe2 Re8 22. f3 e5 23. Rbc1 Bc6 24. Qd2 Qb6 25. b4 Qd4 26. Rcd1 h6 27. a4 Qxb4 28. Nxd5 1-0

[Event "POL-chT 50th"]
[Site "Lubniewice"]
[Date "1994.??.??"]
[Round "8"]
[White "Goj, Artur"]
[Black "Janocha, Wieslaw Adam"]
[Result "1-0"]
[WhiteElo "2295"]
[BlackElo "2405"]
[PlyCount "57"]
[EventDate "1994.09.22"]
[EventType "team-tourn"]
[EventRounds "11"]
[EventCountry "POL"]
[SourceTitle "EXT 2019"]
[Source "ChessBase"]
[SourceDate "2018.10.10"]
[SourceVersion "1"]
[SourceVersionDate "2018.10.10"]
[SourceQuality "1"]
[WhiteTeam "Swietochlowice Slask"]
[BlackTeam "Legnica Miedz"]
[WhiteTeamCountry "POL"]
[BlackTeamCountry "POL"]

1. Nf3 Nf6 2. g3 d5 3. Bg2 c5 4. 0-0 Nc6 5. d4 cxd4 6. Nxd4 e5 7. Nxc6 bxc6 8. c4 Be6 9. Nc3 Qd7 10. Qa4 Rc8 11. cxd5 cxd5 12. Qxd7+ Kxd7 13. Rd1 Bc5 14. Na4 Bd6 15. Bg5 Rc2 16. Bxf6 gxf6 17. Bxd5 Rhc8 18. Rd3 Rxe2 19. Bf3 Rec2 20. Rad1 R8c6 21. Bxc6+ Rxc6 22. Nc5+ Rxc5 23. Rxd6+ Ke7 24. Ra6 Rc7 25. Rd2 Bc8 26. Ra5 Bb7 27. f4 e4 28. Kf2 a6 29. Ra3 1-0

[Event "POL-chT 50th"]
[Site "Lubniewice"]
[Date "1994.??.??"]
[Round "2"]
[White "Goj, Artur"]
[Black "Jaworski, Miroslaw"]
[Result "0-1"]
[WhiteElo "2295"]
[BlackElo "2340"]
[PlyCount "128"]
[EventDate "1994.09.22"]
[EventType "team-tourn"]
[EventRounds "11"]
[EventCountry "POL"]
[SourceTitle "EXT 2019"]
[Source "ChessBase"]
[SourceDate "2018.10.10"]
[SourceVersion "1"]
[SourceVersionDate "2018.10.10"]
[SourceQuality "1"]
[WhiteTeam "Swietochlowice Slask"]
[BlackTeam "Bielsko-Biala Wlokniarz"]
[WhiteTeamCountry "POL"]
[BlackTeamCountry "POL"]

1. Nf3 d5 2. d4 Nf6 3. c4 e6 4. g3 Be7 5. Bg2 0-0 6. 0-0 b6 7. Nc3 Bb7 8. Ne5 Na6 9. cxd5 exd5 10. Bf4 c6 11. Rc1 Re8 12. a3 c5 13. dxc5 bxc5 14. Qb3 Rb8 15. Rfd1 Bd6 16. Nxf7 Kxf7 17. Nxd5 Bxd5 18. Bxd5+ Kf8 19. Qc4 Bxf4 20. gxf4 Qb6 21. Rc2 Rbd8 22. Rcd2 Re7 23. Bf3 Red7 24. Rxd7 Rxd7 25. Rxd7 Nxd7 26. Qd3 Qg6+ 27. Qxg6 hxg6 28. Kf1 Nf6 29. Ke1 Ke7 30. Kd2 Kd6 31. e4 Nd7 32. e5+ Ke6 33. Bg4+ Ke7 34. Ke3 Nb6 35. Be2 Nc7 36. Bd3 Ne6 37. Ke4 Na4 38. b4 cxb4 39. axb4 Nc3+ 40. Kf3 Nd5 41. Bxg6 Ndxf4 42. Be4 Kf7 43. Kg4 Ng6 44. Bd5 Ne7 45. Be4 Nd4 46. f4 Ke6 47. h4 Nd5 48. b5 Nxb5 49. Bd3 Na3 50. Kg5 a5 51. h5 Ne7 52. h6 gxh6+ 53. Kxh6 Nc6 54. Kg5 a4 55. Bf5+ Kd5 56. Kf6 Nb5 57. Bc2 a3 58. Bb3+ Ke4 59. e6 Nbd4 60. Ba2 Kxf4 61. e7 Nxe7 62. Kxe7 Ke5 63. Kd7 Ke4 64. Bc4 Ke3 0-1

[Event "POL-chT 50th"]
[Site "Lubniewice"]
[Date "1994.??.??"]
[Round "10"]
[White "Goj, Artur"]
[Black "Kaldus, Adam"]
[Result "1/2-1/2"]
[WhiteElo "2295"]
[BlackElo "2205"]
[PlyCount "57"]
[EventDate "1994.09.22"]
[EventType "team-tourn"]
[EventRounds "11"]
[EventCountry "POL"]
[SourceTitle "EXT 2019"]
[Source "ChessBase"]
[SourceDate "2018.10.10"]
[SourceVersion "1"]
[SourceVersionDate "2018.10.10"]
[SourceQuality "1"]
[WhiteTeam "Swietochlowice Slask"]
[BlackTeam "Glogow MOK Chrobry"]
[WhiteTeamCountry "POL"]
[BlackTeamCountry "POL"]

1. d4 Nf6 2. Nf3 g6 3. c4 Bg7 4. g3 0-0 5. Bg2 d6 6. Nc3 Nc6 7. 0-0 e5 8. d5 Ne7 9. e4 Nd7 10. Ne1 f5 11. Nd3 a5 12. Re1 c5 13. f4 Qc7 14. Kh1 fxe4 15. Nxe4 Nf5 16. Ng5 Nd4 17. Be3 Nb6 18. fxe5 dxe5 19. Bxd4 exd4 20. Nf4 Qd6 21. Rc1 Bf5 22. Nge6 Rfe8 23. g4 Bxe6 24. Nxe6 Nd7 25. Nxg7 Kxg7 26. Qd2 Ne5 27. h3 Re7 28. b3 b6 29. Rf1 1/2-1/2

[Event "POL-chT 50th"]
[Site "Lubniewice"]
[Date "1994.??.??"]
[Round "6"]
[White "Goj, Artur"]
[Black "Kiedrowicz, Jan"]
[Result "1/2-1/2"]
[WhiteElo "2295"]
[BlackElo "2315"]
[PlyCount "27"]
[EventDate "1994.09.22"]
[EventType "team-tourn"]
[EventRounds "11"]
[EventCountry "POL"]
[SourceTitle "EXT 2019"]
[Source "ChessBase"]
[SourceDate "2018.10.10"]
[SourceVersion "1"]
[SourceVersionDate "2018.10.10"]
[SourceQuality "1"]
[WhiteTeam "Swietochlowice Slask"]
[BlackTeam "Zabrze Gornik"]
[WhiteTeamCountry "POL"]
[BlackTeamCountry "POL"]

1. Nf3 g6 2. g3 Bg7 3. d4 Nf6 4. c4 0-0 5. Bg2 d6 6. Nc3 c6 7. 0-0 Nbd7 8. e4 e5 9. h3 Re8 10. Be3 a5 11. d5 Nc5 12. Ne1 Bd7 13. Nd3 Nxd3 14. Qxd3 1/2-1/2

[Event "Zabrzanski Wrzesien op"]
[Site "Zabrzanski Wrzesien"]
[Date "1994.??.??"]
[Round "?"]
[White "Kalinin, Oleg"]
[Black "Goj, Artur"]
[Result "1/2-1/2"]
[WhiteElo "2395"]
[BlackElo "2295"]
[PlyCount "38"]
[EventDate "1994.??.??"]
[EventType "swiss"]
[EventRounds "9"]
[EventCountry "POL"]
[SourceTitle "EXT 1999"]
[Source "ChessBase"]
[SourceDate "1998.11.16"]
[SourceVersion "1"]
[SourceVersionDate "1998.11.16"]
[SourceQuality "1"]

1. c4 Nf6 2. g3 g6 3. Bg2 Bg7 4. Nc3 0-0 5. e3 d6 6. Nge2 c6 7. 0-0 Re8 8. h3 e5 9. b3 Nbd7 10. Ba3 Nf8 11. d4 h5 12. Qc2 e4 13. d5 c5 14. b4 b6 15. bxc5 bxc5 16. Rab1 N8h7 17. Kh2 Ng5 18. Ng1 Bf5 19. Rb7 Nd7 1/2-1/2